Commercial Plane Models - Statistics

General Stats
  • This quiz has been taken 83 times
  • The average score is 16 of 21
Answer Stats
Plane Brand Plane Model % Correct
Boeing 737
97%
Boeing 747
97%
Boeing 757
93%
Boeing 727
92%
Boeing 767
92%
Boeing 787
92%
Airbus A320
92%
Boeing 717
90%
Boeing 777
90%
Boeing 707
89%
Airbus A380
89%
Airbus A350
85%
Airbus A340
84%
Airbus A330
79%
Airbus A321
77%
Airbus A319
74%
Airbus A318
67%
McDonnell Douglas DC-10
52%
Embraer E190
41%
Embraer E170
39%
McDonnell Douglas MD-80
34%
No matching quizzes found
Score Distribution
Percent of People with Each Score
Percentile by Number Answered
Your Score History
You have not taken this quiz